| 000 | 00450 a2200169 4500 | ||
|---|---|---|---|
| 001 | 136277 | ||
| 020 | _a9788502098329 | ||
| 040 | _cLeonardo Da Vinci | ||
| 041 | _aPortuguês | ||
| 082 |
_a659.1 P862e _bP862e |
||
| 100 | _aPONZONI, Marcelo | ||
| 245 |
_aEu só queria uma mesa _bdo tijolinho ao horário nobre |
||
| 260 |
_bSaraiva _c2010 _aSão Paulo |
||
| 362 | _a20100000 | ||
| 697 |
_aPublicidade _aMarketing _aPropaganda _aFIPEN |
||
| 942 | _cBK | ||
| 999 |
_c136277 _d136277 |
||